|
|
|
|
| LEADER |
00000cam a2200000 7i4500 |
| 001 |
0000094812 |
| 005 |
20250217120303.0 |
| 008 |
|
| 020 |
|
|
|a 9789672858454 (
|q (paperback))
|
| 040 |
|
|
|e rda
|
| 041 |
|
|
|a Malay
|
| 090 |
0 |
0 |
|a JF
|b MAL
|
| 100 |
0 |
|
|a Ramlee Awang Murshid ,
|e (author)
|
| 245 |
1 |
0 |
|a Bagaikan puteri
|c Ramlee Awang Murshid
|
| 264 |
|
1 |
|a Shah Alam, Selangor :
|b grup Buku Karangkraf Sdn Bhd
|c 2024
|
| 300 |
|
|
|a 111 pages :
|b col. illustration ;
|c 19 cm.
|
| 336 |
|
|
|a text
|2 rdacontent
|
| 337 |
|
|
|a unmediated
|2 rdamedia
|
| 338 |
|
|
|a volume
|2 rdacarrier
|
| 541 |
|
|
|c Purchased on 2024
|f INPV2024/12/01 NPV
|h RM14.00
|
| 650 |
1 |
0 |
|a Malay fiction
|
| 650 |
1 |
0 |
|a Malaysian fiction (Malay)
|
| 700 |
0 |
|
|a MF Ajif ,
|e Illustrator
|
| 730 |
0 |
|
|a Judul
|
| 999 |
|
|
|a 0001797206
|b Book
|c Children Collection
|e Perbadanan Perpustakaan Awam Johor
|
| 999 |
|
|
|a 0001797207
|b Book
|c Children Collection
|e Cawangan Urban Transformation Centre
|
| 999 |
|
|
|a 0001797208
|b Book
|c Children Collection
|e Cawangan AEON Kulaijaya
|
| 999 |
|
|
|a 0001797209
|b Book
|c Children Collection
|e Perbadanan Perpustakaan Awam Johor
|
| 999 |
|
|
|a 0001797210
|b Book
|c Children Collection
|e Perbadanan Perpustakaan Awam Johor
|
| 999 |
|
|
|a 0001797211
|b Book
|c Children Collection
|e Perbadanan Perpustakaan Awam Johor
|
| 999 |
|
|
|a 0001797212
|b Book
|c Children Collection
|e Perbadanan Perpustakaan Awam Johor
|
| 999 |
|
|
|a 0001797213
|b Book
|c Children Collection
|e Perbadanan Perpustakaan Awam Johor
|
| 999 |
|
|
|a 0001797214
|b Book
|c Children Collection
|e Perbadanan Perpustakaan Awam Johor
|
| 999 |
|
|
|a 0001797215
|b Book
|c Children Collection
|e Perbadanan Perpustakaan Awam Johor
|
| 999 |
|
|
|a 0001797216
|b Book
|c Children Collection
|e Perbadanan Perpustakaan Awam Johor
|
| 999 |
|
|
|a 0001797217
|b Book
|c Children Collection
|e Perbadanan Perpustakaan Awam Johor
|
| 999 |
|
|
|a 0001797218
|b Book
|c Children Collection
|e Perbadanan Perpustakaan Awam Johor
|
| 999 |
|
|
|a 0001797219
|b Book
|c Children Collection
|e Perbadanan Perpustakaan Awam Johor
|
| 999 |
|
|
|a 0001797220
|b Book
|c Children Collection
|e Perbadanan Perpustakaan Awam Johor
|
| 999 |
|
|
|a 0001797221
|b Book
|c Children Collection
|e Perbadanan Perpustakaan Awam Johor
|